Statistics for Capital Cities By First Two Letters (MAP)

Click here to take the quiz!

General Stats

  • This quiz has been taken 341 times
  • The average score is 176 of 196

Answers on the Map

Answers color-coded by a green-red scale on the quiz's map according to % correct below.
 

Answer Stats

Country% Correct
Warsaw
100%
Washington D.C.
100%
Beijing
99%
Beirut
99%
Belgrade
99%
Belmopan
99%
Berlin
99%
Bern
99%
Cairo
99%
Canberra
99%
Caracas
99%
Castries
99%
Madrid
99%
Majuro
99%
Malabo
99%
Male
99%
Managua
99%
Manama
99%
Manila
99%
Maputo
99%
Maseru
99%
Mogadishu
99%
Monaco
99%
Monrovia
99%
Montevideo
99%
Moroni
99%
Moscow
99%
Palikir
99%
Panama City
99%
Paramaribo
99%
Paris
99%
Pretoria / Bloemfontein / Cape Town
99%
Libreville
98%
Lilongwe
98%
Lima
98%
Lisbon
98%
Lomé
98%
London
98%
Mbabane / Lobamba
98%
Rome
98%
Roseau
98%
Saint George's
98%
Saint John's
98%
Sana'a
98%
San Jose
98%
San Marino
98%
San Salvador
98%
Santiago
98%
Santo Domingo
98%
São Tomé
98%
Sarajevo
98%
Taipei
98%
Tallinn
98%
Tarawa
98%
Tashkent
98%
Bagdad
97%
Baku
97%
Bamako
97%
Bandar Seri Begawan
97%
Bangkok
97%
Bangui
97%
Banjul
97%
Basseterre
97%
Brasilia
97%
Bratislava
97%
Brazzaville
97%
Bridgetown
97%
Brussels
97%
Bucharest
97%
Budapest
97%
Buenos Aires
97%
Conakry
97%
Copenhagen
97%
Dublin
97%
Dushanbe
97%
Helsinki
97%
Kigali
97%
Kingston
97%
Kingstown
97%
Kinshasa
97%
Mexico City
97%
New Delhi
97%
Ngerulmud / Melekeok
97%
Reykjavik
97%
Riyadh
97%
Tokyo
97%
Algiers
96%
Kampala
96%
Kathmandu
96%
Kiev
96%
Oslo
96%
Ottawa
96%
Riga
96%
Stockholm
96%
Andorra la Vella
95%
Ankara
95%
Antananarivo
95%
Hanoi
95%
Harare
95%
Havana
95%
Kabul
95%
Victoria
95%
Vienna
95%
Vientiane
95%
Vilnius
95%
Amman
94%
Amsterdam
94%
Athens
94%
Jakarta
94%
Seoul
94%
Tegucigalpa
94%
Tehran
94%
Kuala Lumpur
93%
Kuwait City
93%
Tunis
93%
Bogotá
92%
Dakar
92%
Damascus
92%
La Paz / Sucre
92%
Minsk
92%
Prague
92%
Praia
92%
Pristina
92%
Sofia
92%
Naypyidaw
91%
Podgorica
91%
Port Au Prince
91%
Port Louis
91%
Port Moresby
91%
Port of Spain
91%
Porto-Novo
91%
Port Vila
91%
Rabat
91%
Ashgabat
90%
Asuncion
90%
Nairobi
90%
Nassau
90%
Ulaanbaatar
90%
Abu Dhabi
89%
Abuja
89%
Addis Ababa
89%
Asmara
89%
Islamabad
88%
Wellington
88%
Quito
87%
Tripoli
87%
Tirana
86%
Dodoma
85%
Doha
85%
Niamey
85%
Nicosia
85%
Pyongyang
85%
Luanda
84%
Lusaka
84%
Luxembourg City
84%
Muscat
84%
Valletta
84%
Vatican City
84%
Zagreb
84%
Vaduz
83%
Bishkek
82%
Bissau
82%
Sri Jayawardenepura / Kotte
82%
Dhaka
80%
Guatemala City
80%
Phnom Penh
79%
Georgetown
78%
Khartoum
78%
Chisinau
77%
Ljubljana
76%
Windhoek
76%
Accra
75%
Jerusalem
75%
Nukuʻalofa
75%
Nur-Sultan
75%
Juba
74%
Tblisi
73%
Nouakchott
71%
Yerevan
71%
Skopje
69%
Suva
69%
Freetown
67%
Gaborone
67%
Yamoussoukro
66%
Yaounde
66%
Yaren District
66%
Djibouti
65%
Singapore
65%
Thimphu
64%
Dili
63%
N'Djamena
61%
Ouagadougou
61%
Honiara
59%
Apia
56%
Funafuti
54%
Gitega
48%

Score Distribution

Percentile by Number Answered

Percent of People with Each Score

Your Score History

You have not taken this quiz